Agustín Tosco.

Biografía de Agustín Tosco. El sindicato de Luz y Fuerza. Llegada de Onganía. Tosco y su oposición a la CGT. El Cordobazo. Tosco y su enfrentamiento con Rucci. Clandestinidad y muerte de Agustín Tosco.

Guardado en:
Formato: Deslizar
Materias:
Etiquetas: Agregar Etiqueta
Sin Etiquetas, Sea el primero en etiquetar este registro!
LEADER 00835ngm a22002175g 4500
001 CEM.cems022948
008 130507b2010##################0###0#####d
005 20241127163936.0
245 0 0 |a Agustín Tosco. 
300 |a 30'. 
500 |a En soporte VHS, consultar en ventanilla. 
520 |a Biografía de Agustín Tosco. El sindicato de Luz y Fuerza. Llegada de Onganía. Tosco y su oposición a la CGT. El Cordobazo. Tosco y su enfrentamiento con Rucci. Clandestinidad y muerte de Agustín Tosco. 
538 |a Soporte: VHS - Norma: Pal N - Color: Si - Grabación DRD 2010 - Hitachi=1580 
082 9 8 |/ OPE 
653 |a TOSCO 
653 |a SINDICATOS 
653 |a ONGANIA 
653 |a CORDOBAZO 
653 |a NIVEL PRIMARIO 
653 |a NIVEL SECUNDARIO 
859 |a CEMS  |b BIB. CEMS - Depto. Recursos Didacticos  |h 982  |i OPE  |k DRD  |p 1591.12  |t Ej.1